000 00280nam a2200097Ia 4500
008 231107s1975 xx 000 0 und d
041 _aeng
100 _aBraziller G.
245 _aArchitecture Cities & the Systems Approach
260 _aNew York
_bBraziller George Publication
_c1975
999 _c925827
_d925827